| 000 | 00749nam a2200229Ia 4500 | ||
|---|---|---|---|
| 005 | 20241216011200.0 | ||
| 008 | 190212s9999||||xx |||||||||||||| ||und|| | ||
| 020 | _a9972-9029-0-0 | ||
| 082 |
_a628.53 _bV78 |
||
| 100 | _aVIZCARRA ANDREU M.A. | ||
| 245 | 0 |
_aECOSFERA _bLA CIENCIA AMBIENTAL Y LOS DESASTRES ECOLOGICOS |
|
| 250 | _a1 | ||
| 260 |
_aLIMA-PERU _bARSASESORIASERVICIOS SAC _c2000 |
||
| 300 |
_a525 pag _c24 cm |
||
| 341 | _h0 | ||
| 490 |
_v0 _a0 |
||
| 505 | _aECOLOGIA/HIDROSFERA Y SU CONTAMINACION//CONTAMINACION DE LA LITOSFERA/LA ATMOSFERA ALTERADA/LA BIOACUMULACION/DESASTRES ECOLOGICOS | ||
| 541 |
_aD _bVIZCARRA ANDREU M.A. _d30-Nov-15 _oSoles |
||
| 650 | _aCIENCIAS APLICADAS | ||
| 856 | _zCiencias Aplicadas | ||
| 942 | _cLIBRO | ||
| 999 |
_c34863 _d34863 |
||